Measuring the impact of information on development

Uloženo v:
Podrobná bibliografie
Hlavní autor: Menou, Michel J. (autor)
Médium: Kniha
Jazyk:angličtina
Vydáno: Ottawa International Development Research Centre 1993
Témata:
Tagy: Přidat tag
Žádné tagy, Buďte první, kdo vytvoří štítek k tomuto záznamu!

MARC

LEADER 00000nam a2200000 a 4500
001 UCY2742
003 CL-VaPUC
008 941115e19930000CN |||||||||||||||||eng|d
082 0 4 |a 306.42  |b MEN  |2 21 
100 |a Menou, Michel J.  |e autor  |9 330816 
245 1 0 |a Measuring the impact of information on development 
300 |a 188 p 
942 |c BK 
945 |d 19941115 00:00:00  |a mfernand 
260 |a Ottawa  |b International Development Research Centre  |c 1993 
650 7 |a INFORMACION ASPECTOS SOCIALES  |2 CL-VaPUC  |9 330817 
650 0 |a Desarrollo económico  |9 259599 
650 0 |a Desarrollo social  |9 264534 
583 |a last modification  |c 20181001 02:11:00  |k Rodrigo Vera 
999 |c 231071  |d 231069 
952 |0 0  |1 0  |4 0  |6 306_420000000000000_MEN_1993  |7 0  |8 A  |9 233880  |a BIBING  |b BIBING  |d 2019-11-15  |i 3034569  |o 306.42 MEN 1993  |p 3034569  |r 2025-01-20  |w 2019-11-15  |y BK  |k ING